Biblioteca del Ateneo de Madrid / (Record no. 193686)
[ view plain ]
| 000 -LEADER | |
|---|---|
| campo de control de longitud fija | 01128nab a2200253 i 4500 |
| 001 - NÚMERO DE CONTROL | |
| campo de control | 193686 |
| 003 - IDENTIFICADOR DE NÚMERO DE CONTROL | |
| campo de control | ES-MaACL |
| 005 - FECHA Y HORA DE LA ÚLTIMA TRANSACCIÓN | |
| campo de control | 20250810063057.0 |
| 007 - CAMPO FIJO DE DESCRIPCIÓN FÍSICA--INFORMACIÓN GENERAL | |
| campo de control de longitud fija | t| |
| 008 - DATOS DE LONGITUD FIJA--INFORMACIÓN GENERAL | |
| campo de control de longitud fija | 240206s1991 sp ||||1| spa d |
| 040 ## - FUENTE DE CATALOGACIÓN | |
| Centro catalogador/agencia de origen | ES-MaACL |
| Lengua de catalogación | spa |
| 100 1# - ENTRADA PRINCIPAL--NOMBRE DE PERSONA | |
| Nombre de persona | Fernández Tovar, Vladimiro |
| Término indicativo de función/relación | Autor |
| 9 (RLIN) | 50119 |
| 245 10 - MENCIÓN DEL TÍTULO | |
| Título | Biblioteca del Ateneo de Madrid / |
| Mención de responsabilidad, etc. | por Vladimiro Fernández Tovar |
| 260 ## - PUBLICACIÓN, DISTRIBUCIÓN, ETC. | |
| Lugar de publicación, distribución, etc. | [Madrid] : |
| Nombre del editor, distribuidor, etc. | Educación y Biblioteca, |
| Fecha de publicación, distribución, etc. | [1991] |
| 300 ## - DESCRIPCIÓN FÍSICA | |
| Extensión | 2 páginas : |
| Otras características físicas | 3 ilustraciones ; |
| Dimensiones | 30 cm |
| 500 ## - NOTA GENERAL | |
| Nota general | Fotocopia del artículo del bibliotecario y ateneísta Vladimiro Fernández Tovar sobre la Biblioteca del Ateneo de Madrid, publicado en "Educación y biblioteca", 1991, n. 14, p. 62-63 |
| 530 ## - NOTA DISPONIBLE DE FORMULARIO FÍSICO ADICIONAL | |
| Nota de formato físico adicional disponible | Disponible en formato digital |
| 610 24 - PUNTO DE ACCESO ADICIONAL DE MATERIA--NOMBRE DE ENTIDAD CORPORATIVA | |
| Nombre de entidad corporativa o nombre de jurisdicción como elemento de entrada | Ateneo de Madrid. |
| Unidad subordinada | Biblioteca |
| 9 (RLIN) | 1951 |
| 852 4# - LOCALIZACIÓN | |
| Ubicación | ES-MaACL |
| Ubicación en estantería | Depósito folletos |
| Número de control de estantería | 2347-F-50 |
| Nota libre | Revisado enlace: 7 de mayo de 2025 |
| itemnumber | 201211 |
| 856 4# - LOCALIZACIÓN Y ACCESO ELECTRÓNICOS | |
| Identificador Uniforme de Recursos | <a href="http://hdl.handle.net/10366/113312">http://hdl.handle.net/10366/113312</a> |
| Texto de enlace | Versión en línea |
| Nota pública | (Gestión del Repositorio Documental de la Universidad de Salamanca. Gredos) |
| 942 ## - ELEMENTOS DE ENTRADA SECUNDARIOS (KOHA) | |
| Fuente del sistema de clasificación o colocación | Clasificación decimal universal |
| Tipo de ítem Koha | Artículo de revista |
| Suprimir en OPAC | No |
| Estatus retirado | Estado de pérdida | Fuente del sistema de clasificación o colocación | Estado de daño | No para préstamo | Colección | Biblioteca de origen | Biblioteca actual | Ubicación en estantería | Fecha de adquisición | Número de control de estantería | Total de préstamos | Signatura topográfica completa | Código de barras | Visto por última vez | Tipo de ítem Koha |
|---|---|---|---|---|---|---|---|---|---|---|---|---|---|---|---|
| Clasificación decimal universal | Fondo Ateneo de Madrid | Biblioteca del Ateneo de Madrid | Biblioteca del Ateneo de Madrid | Depósito folletos | 06/02/2024 | 1 | 2347-F-50 | 101206563 | 06/02/2024 | Artículo de revista |
